[Event "Chigorin Memorial 30th"]
[Site "St Petersburg"]
[Date "2023.10.25"]
[Round "5"]
[White "Volgin, Maksim"]
[Black "Vershinin, Kirill"]
[Result "0-1"]
[WhiteElo "1487"]
[BlackElo "1784"]
[PlyCount "72"]
[EventDate "2023.10.21"]
[EventType "swiss"]
[EventRounds "9"]
[EventCountry "RUS"]
[SourceTitle "Mega2024 Update 01"]
[Source "Chessbase"]
[SourceDate "2023.11.12"]
[SourceVersion "1"]
[SourceVersionDate "2023.11.12"]
[SourceQuality "1"]

1. e4 c5 2. Nf3 g6 3. c3 Bg7 4. d4 cxd4 5. cxd4 d5 6. e5 Bg4 7. Nc3 Nc6 8. Bb5 Nh6 9. Bxh6 Bxh6 10. h3 Bxf3 11. Qxf3 0-0 12. Bxc6 bxc6 13. Rd1 f6 14. exf6 exf6 15. 0-0 Qd6 16. Na4 f5 17. Nc5 Bg7 18. Qc3 f4 19. Rfe1 Rae8 20. Rxe8 Rxe8 21. Nb3 Re2 22. Kf1 f3 23. Qxf3 Rxb2 24. g3 Rxa2 25. Re1 Qf8 26. Qg2 Rb2 27. Re3 Bh6 28. Rc3 Rb1+ 29. Ke2 Qe7+ 30. Kd3 Rd1+ 31. Kc2 Qe2+ 32. Nd2 Qxd2+ 33. Kb3 Rb1+ 34. Ka4 Qa2+ 35. Ra3 Qc4+ 36. Ka5 Qb5# 0-1

[Event "St Petersburg Korchnoi Memorial op"]
[Site "St Petersburg"]
[Date "2023.08.23"]
[Round "8"]
[White "Natarov, Ilya"]
[Black "Vershinin, Kirill"]
[Result "1/2-1/2"]
[WhiteElo "2003"]
[BlackElo "1723"]
[PlyCount "102"]
[EventDate "2023.08.18"]
[EventType "swiss"]
[EventRounds "9"]
[EventCountry "RUS"]
[SourceTitle "EXT 2024"]
[Source "ChessBase"]
[SourceDate "2023.10.10"]
[SourceVersion "1"]
[SourceVersionDate "2023.10.10"]
[SourceQuality "1"]

1. d4 d5 2. c4 dxc4 3. e3 Nf6 4. Bxc4 e6 5. Nf3 c5 6. 0-0 Nc6 7. Nc3 a6 8. a4 Be7 9. dxc5 Qxd1 10. Rxd1 Bxc5 11. Ne1 b6 12. Nd3 Be7 13. e4 Bb7 14. Be3 Nd7 15. Rab1 0-0 16. g4 Rfd8 17. f3 Nc5 18. Ne1 Nb4 19. g5 Rac8 20. Be2 Nd7 21. Kf2 Bc5 22. h4 f6 23. Nd3 Bxe3+ 24. Kxe3 Nc2+ 25. Kf2 Nd4 26. Nb4 Nc5 27. Ke3 a5 28. Rxd4 Rxd4 29. Kxd4 axb4 30. Na2 Nxa4 31. Nxb4 Kf8 32. f4 Nc5 33. e5 Be4 34. Rg1 f5 35. Bc4 b5 36. Ba2 Ke7 37. Rg3 Na4 38. Ra3 Rd8+ 39. Ke3 Nxb2 40. Ra5 Nd1+ 41. Ke2 Nc3+ 42. Ke3 Nxa2 43. Rxa2 Rd1 44. Ra7+ Kf8 45. Rc7 Rb1 46. Na6 b4 47. Kd4 b3 48. Kc3 b2 49. Nc5 Bd5 50. Kc2 Be4+ 51. Kb3 Bd5+ 1/2-1/2

[Event "St Petersburg Korchnoi Memorial op"]
[Site "St Petersburg"]
[Date "2023.08.22"]
[Round "7"]
[White "Vershinin, Kirill"]
[Black "Baybaratskiy, Kirill A"]
[Result "1-0"]
[WhiteElo "1723"]
[BlackElo "1584"]
[PlyCount "25"]
[EventDate "2023.08.18"]
[EventType "swiss"]
[EventRounds "9"]
[EventCountry "RUS"]
[SourceTitle "EXT 2024"]
[Source "ChessBase"]
[SourceDate "2023.10.10"]
[SourceVersion "1"]
[SourceVersionDate "2023.10.10"]
[SourceQuality "1"]

1. Nf3 d5 2. g3 Nf6 3. Bg2 c6 4. c4 Bg4 5. Ne5 Be6 6. Qb3 Qb6 7. d3 dxc4 8. Nxc4 Qxb3 9. axb3 Nbd7 10. Na5 0-0-0 11. Nc3 Nd5 12. 0-0 N7b6 13. Ne4 1-0

[Event "Dzhubga op"]
[Site "Dzhubga"]
[Date "2023.08.08"]
[Round "8"]
[White "Vershinin, Kirill"]
[Black "Dunichev, Daniil"]
[Result "1/2-1/2"]
[WhiteElo "1723"]
[BlackElo "1532"]
[PlyCount "207"]
[EventDate "2023.08.01"]
[EventType "swiss"]
[EventRounds "9"]
[EventCountry "RUS"]
[SourceTitle "EXT 2024"]
[Source "ChessBase"]
[SourceDate "2023.10.10"]
[SourceVersion "1"]
[SourceVersionDate "2023.10.10"]
[SourceQuality "1"]

1. d4 d6 2. e4 e5 3. Nf3 Nd7 4. c4 Ngf6 5. Nc3 exd4 6. Qxd4 Be7 7. Be2 0-0 8. 0-0 a5 9. h3 Nc5 10. Be3 Re8 11. Bd1 Nfd7 12. Nd5 c6 13. Nxe7+ Qxe7 14. Bc2 Ne6 15. Qd2 Ne5 16. Nxe5 dxe5 17. Rfd1 Qf6 18. Qc3 Nf4 19. Bxf4 Qxf4 20. c5 Be6 21. Rd6 h6 22. Rad1 a4 23. a3 Qg5 24. Kf1 Rec8 25. Qb4 Qf4 26. Kg1 Qg5 27. R6d3 Kh7 28. Bxa4 Rd8 29. Bb3 Rxd3 30. Rxd3 Rd8 31. Re3 Bxb3 32. Qxb3 Rd7 33. Qc2 Rd4 34. Qb3 Rd7 35. Rf3 Qc1+ 36. Kh2 Rd1 37. Qe3 Qc4 38. b3 Qe6 39. b4 Qc4 40. h4 Rd4 41. Qb3 Qxb3 42. Rxb3 Rxe4 43. g3 Re2 44. Kg2 Kg6 45. Kf3 Ra2 46. g4 Kf6 47. Kg2 Ke6 48. b5 Rc2 49. bxc6 bxc6 50. Rb8 Rxc5 51. Ra8 Rc2 52. a4 Kd5 53. Ra7 Rc4 54. f3 Rf4 55. Kg3 g5 56. h5 Kc5 57. a5 Kb5 58. a6 Rf6 59. Ra8 Kb6 60. Kg2 c5 61. a7 Rc6 62. Rf8 Kxa7 63. Rxf7+ Kb6 64. Kf2 c4 65. Ke2 c3 66. Kd1 Kc5 67. Rg7 Kd5 68. Kc2 Rf6 69. Rg6 Rxf3 70. Rxh6 Rg3 71. Rg6 Rxg4 72. Kxc3 Rg3+ 73. Kd2 Ke4 74. h6 Kf5 75. Rg8 Rh3 76. Rh8 Ke4 77. h7 Rh2+ 78. Kd1 g4 79. Ke1 Ke3 80. Kf1 e4 81. Kg1 g3 82. Kf1 Rf2+ 83. Kg1 Rf7 84. Kg2 Kf4 85. Rg8 Rxh7 86. Rxg3 Rd7 87. Ra3 Rd3 88. Ra4 Ke3 89. Kf1 Rd1+ 90. Kg2 Rd4 91. Ra1 Ke2 92. Kg3 e3 93. Rb1 Rd1 94. Rb2+ Rd2 95. Rb3 Rd3 96. Rb1 Rc3 97. Ra1 Kd2 98. Kf3 e2+ 99. Kf2 Ra3 100. Rb1 Rb3 101. Ra1 Rb2 102. Re1 Kd3 103. Ra1 Kd2 104. Rc1 1/2-1/2

[Event "Anapa Sea Harbor Cup Blitz"]
[Site "Anapa"]
[Date "2021.06.13"]
[Round "1"]
[White "Vershinin, Kirill"]
[Black "Goganov, Aleksey"]
[Result "0-1"]
[WhiteElo "1250"]
[BlackElo "2581"]
[PlyCount "68"]
[EventDate "2021.06.13"]
[EventType "swiss (blitz)"]
[EventRounds "13"]
[EventCountry "RUS"]
[SourceTitle "CBM 202 Extra"]
[Source "ChessBase"]
[SourceDate "2021.07.31"]
[SourceVersion "1"]
[SourceVersionDate "2021.07.31"]
[SourceQuality "1"]

1. Nf3 Nf6 2. g3 g6 3. Bg2 Bg7 4. 0-0 0-0 5. d4 d5 6. Nbd2 c6 7. c3 a5 8. a4 Nbd7 9. Re1 Re8 10. e4 dxe4 11. Nxe4 Nxe4 12. Rxe4 Nf6 13. Re1 Bg4 14. h3 Bxf3 15. Bxf3 Qd7 16. Bg2 e6 17. Qc2 Nd5 18. Bd2 Bf6 19. Rad1 Kg7 20. Qc1 h5 21. Bg5 Bxg5 22. Qxg5 Qc7 23. Bf3 Nf6 24. Bg2 Rad8 25. Qc1 Rd7 26. Rd2 Red8 27. Rde2 c5 28. dxc5 Qxc5 29. Qe3 Qc4 30. Ra1 Rd3 31. Qf4 Qxf4 32. gxf4 b6 33. Rc2 h4 34. Kh2 Nh5 0-1